| 000 | 00965nam a2200253 a 4500 | ||
|---|---|---|---|
| 001 | 2005639 | ||
| 003 | GBCCL | ||
| 005 | 20241126110406.0 | ||
| 008 | 900719q19801990ii af b 000 0 eng | ||
| 010 | _a 90176859 | ||
| 040 |
_aDLC _cDLC |
||
| 043 |
_aa-ii--- _aa-br--- _aa-bg--- |
||
| 050 | 0 | 0 |
_aDS339.3.K84 _bV85 1988 |
| 082 | 0 | 0 |
_a954.004954 _220 _bVUM |
| 100 | 0 |
_aVumson. _93363 |
|
| 245 | 1 | 0 |
_aZo history : _bwith an introduction to Zo culture, economy, religion and their status as an ethnic minority in India, Burma, and Bangladesh / _cby Vumson. |
| 260 |
_aAizawl, Mizoram, India : _bVumson, _c[1988?] |
||
| 300 |
_a331 p., [16] p. of plates : _bill. ; _c22 cm. |
||
| 504 | _aIncludes bibliographical references (p. [322]-328). | ||
| 650 | 0 |
_aKuki Chin (South Asian people) _xHistory. _93364 |
|
| 906 |
_a7 _bcbc _corignew _d2 _encip _f19 _gy-gencatlg |
||
| 942 |
_2ddc _cARCH |
||
| 999 |
_c1637 _d1637 |
||